Statistics for Countries without McDonald's ( A-C )

Click here to take the quiz!

General Stats

  • This quiz has been taken 12 times
    (2 since last reset)
  • The average score is 9 of 24

Answer Stats

Answer% Correct
Albania
100%
Algeria
100%
Angola
100%
Armenia
100%
Azerbaijan
100%
Afghanistan
50%
Comoros
50%
Central African Republic
50%
Cape Verde
50%
Cameroon
50%
Congo
50%
Barbados
50%
Bolivia
0%
Bhutan
0%
Brunei
0%
Burkina Faso
0%
Burma ( Myanmar )
0%
Burundi
0%
Cambodia
0%
Benin
0%
Belize
0%
Chad
0%
Bangladesh
0%
Botswana
0%

Score Distribution

Percentile by Number Answered

Percent of People with Each Score

Your Score History

You have not taken this quiz since the last reset